[Event "FIDE World Senior Team Championship 2020"]
[Site "Olympik hotel, Sokolovska 138, Prague"]
[Date "2020.03.08"]
[Round "3.6.4"]
[White "Karlsson, Agust S"]
[Black "Barron, Michael"]
[Result "1-0"]
[WhiteElo "2268"]
[BlackElo "2075"]
[PlyCount "129"]
[WhiteTeam "ISL"]
[BlackTeam "CAN"]
[EventDate "2020.03.06"]

1. d4 f5 2. Nf3 Nf6 3. g3 g6 4. Bg2 Bg7 5. O-O O-O 6. b3 Ne4 7. Bb2 c5 8. Qc1
cxd4 9. Bxd4 Nc6 10. Bxg7 Kxg7 11. Qb2+ Rf6 12. c4 b6 13. Nfd2 Nxd2 14. Nxd2
Bb7 15. e4 d6 16. exf5 gxf5 17. Nf3 e5 18. Rad1 Qe7 19. Rfe1 Re6 20. b4 Rf8 21.
c5 dxc5 22. bxc5 bxc5 23. Ng5 Qxg5 24. Qxb7+ Rf7 25. Qc8 Qf6 26. Bd5 Rfe7 27.
Bxe6 Qxe6 28. Qxe6 Rxe6 29. Rd5 c4 30. Rc1 e4 31. Rxc4 Ne5 32. Rc7+ Kg6 33.
Rxa7 Nf3+ 34. Kg2 Rc6 35. Rd1 Ne5 36. Ra5 Nd3 37. Kg1 Rc2 38. f3 Kf6 39. fxe4
fxe4 40. Rf1+ Ke7 41. Ra4 Nc5 42. Ra7+ Ke6 43. Rf2 Rc1+ 44. Kg2 Ke5 45. Rxh7
Kd4 46. Rh8 Nd3 47. Re2 Ne1+ 48. Kh3 Kd3 49. Rb2 Ke3 50. Kg4 Nd3 51. Rb3 Ke2
52. Rd8 Rc4 53. Kf5 Nf2 54. Re8 Ra4 55. a3 Nd3 56. Rxe4+ Rxe4 57. Kxe4 Nc5+ 58.
Kf4 Nxb3 59. h4 Kd3 60. h5 Nd4 61. Ke5 Ne2 62. g4 Ke3 63. a4 Nd4 64. h6 Nf3+
65. Kf6 1-0

[Event "FIDE World Senior Team Championship 2020"]
[Site "Olympik hotel, Sokolovska 138, Prague"]
[Date "2020.03.08"]
[Round "3.7.1"]
[White "Fritsche, Lutz"]
[Black "Graf, Alexander"]
[Result "0-1"]
[WhiteElo "2321"]
[BlackElo "2575"]
[PlyCount "40"]
[WhiteTeam "GER1"]
[BlackTeam "GER"]
[EventDate "2020.03.06"]

1. e4 e5 2. Nf3 Nc6 3. d4 exd4 4. Bc4 Nf6 5. e5 d5 6. Bb5 Nd7 7. O-O Be7 8. Bf4
O-O 9. Bg3 Nb6 10. a4 a5 11. Bxc6 bxc6 12. Nxd4 c5 13. Nc6 Qd7 14. Nxe7+ Qxe7
15. Nc3 d4 16. Ne4 f5 17. exf6 Qxe4 18. fxg7 Re8 19. Qh5 Bb7 20. f3 Qd5 0-1

[Event "FIDE World Senior Team Championship 2020"]
[Site "Olympik hotel, Sokolovska 138, Prague"]
[Date "2020.03.08"]
[Round "3.7.2"]
[White "Jussupow, Artur"]
[Black "Schulz, Klaus-Juergen"]
[Result "1/2-1/2"]
[WhiteElo "2560"]
[BlackElo "2331"]
[PlyCount "106"]
[WhiteTeam "GER"]
[BlackTeam "GER1"]
[EventDate "2020.03.06"]

1. d4 d5 2. c4 e6 3. Nf3 Nf6 4. g3 Be7 5. Bg2 O-O 6. Qc2 c5 7. dxc5 Na6 8. O-O
Nxc5 9. Be3 b6 10. Nc3 Bb7 11. Rad1 Rc8 12. Qb1 Ncd7 13. cxd5 Nxd5 14. Bd4 Qc7
15. Rc1 Qb8 16. Rfd1 Rfd8 17. Nxd5 Bxd5 18. Rxc8 Qxc8 19. b3 Qb7 20. Bb2 h6 21.
Ne1 Bxg2 22. Nxg2 Nf6 23. Nf4 Rxd1+ 24. Qxd1 Qd7 25. Qxd7 Nxd7 26. Nd3 f6 27.
e4 Kf7 28. Kf1 f5 29. exf5 exf5 30. Ke2 g5 31. h3 h5 32. f3 Ke6 33. g4 fxg4 34.
fxg4 hxg4 35. hxg4 Kd5 36. Ke3 Bd6 37. Bc3 b5 38. Nb4+ Bxb4 39. Bxb4 Ne5 40.
Be7 Nxg4+ 41. Ke2 Kd4 42. Bxg5 Kc3 43. Bd2+ Kc2 44. a4 a6 45. axb5 axb5 46. b4
Ne5 47. Bh6 Nc6 48. Bf8 Kc3 49. Kd1 Nxb4 50. Kc1 Kb3 51. Kb1 Nc2 52. Kc1 Na3
53. Be7 Nc4 1/2-1/2

[Event "FIDE World Senior Team Championship 2020"]
[Site "Olympik hotel, Sokolovska 138, Prague"]
[Date "2020.03.08"]
[Round "3.7.3"]
[White "Maier, Christian"]
[Black "Meister, Jakob"]
[Result "1/2-1/2"]
[WhiteElo "2294"]
[BlackElo "2427"]
[PlyCount "59"]
[WhiteTeam "GER1"]
[BlackTeam "GER"]
[EventDate "2020.03.06"]

1. e4 c5 2. Nf3 e6 3. b3 b6 4. Bb2 Bb7 5. Nc3 Ne7 6. d4 cxd4 7. Nxd4 Nec6 8.
Ndb5 Nb4 9. a3 a6 10. axb4 axb5 11. Rxa8 Bxa8 12. Bxb5 Bxb4 13. Qd4 Bf8 14. Na4
Nc6 15. Qxb6 Bb4+ 16. c3 Be7 17. Qxd8+ Kxd8 18. Ke2 Kc7 19. Bd3 Rb8 20. Bc2 Na5
21. b4 Nc4 22. Bd3 Ne5 23. Bc2 Bc6 24. Ra1 Bb5+ 25. Kd1 Nd3 26. Bxd3 Bxd3 27.
f3 Bf1 28. g3 Ra8 29. Kd2 Bb5 30. Nc5 1/2-1/2

[Event "FIDE World Senior Team Championship 2020"]
[Site "Olympik hotel, Sokolovska 138, Prague"]
[Date "2020.03.08"]
[Round "3.7.4"]
[White "Koehler, Gerhard, Dr."]
[Black "Polster, Wolfgang, Dr."]
[Result "1-0"]
[WhiteElo "2204"]
[BlackElo "2201"]
[PlyCount "89"]
[WhiteTeam "GER"]
[BlackTeam "GER1"]
[EventDate "2020.03.06"]

1. c4 f5 2. Nc3 g6 3. g3 Bg7 4. Bg2 e5 5. e3 Nc6 6. d3 Nh6 7. Nge2 O-O 8. O-O
d6 9. Rb1 Be6 10. Nd5 Kh8 11. b4 a6 12. Qc2 Rc8 13. Bd2 Nb8 14. b5 axb5 15.
cxb5 c6 16. bxc6 bxc6 17. Nb6 Rc7 18. a4 Qg5 19. d4 Qh5 20. Bb4 c5 21. d5 Bg8
22. Bc3 g5 23. f3 Nd7 24. Nxd7 Rxd7 25. e4 fxe4 26. Qxe4 Qe8 27. Bd2 Bf7 28.
Qc4 Bg6 29. Rb6 Qd8 30. a5 Nf5 31. Bh3 Rdf7 32. Qa6 e4 33. f4 Nd4 34. Be3 Nxe2+
35. Qxe2 gxf4 36. Bxf4 Bd4+ 37. Kh1 Rf6 38. Bg2 Qa8 39. Rxd6 Rxd6 40. Bxd6
Rxf1+ 41. Qxf1 Qxd5 42. Qf8+ Qg8 43. Qe7 Qd5 44. a6 c4 45. a7 1-0

[Event "FIDE World Senior Team Championship 2020"]
[Site "Olympik hotel, Sokolovska 138, Prague"]
[Date "2020.03.08"]
[Round "3.8.1"]
[White "Schweitzer, Andreas"]
[Black "Svanda, Pavel"]
[Result "0-1"]
[WhiteElo "2290"]
[BlackElo "2074"]
[PlyCount "64"]
[WhiteTeam "GER2"]
[BlackTeam "CZE8"]
[EventDate "2020.03.06"]

1. e4 e5 2. Bc4 Nf6 3. Nc3 Nxe4 4. Qh5 Nd6 5. Qxe5+ Qe7 6. Qxe7+ Bxe7 7. Bb3
Nf5 8. Nf3 c6 9. O-O d5 10. Re1 Be6 11. Ne2 Nd7 12. c3 Nd6 13. Nf4 Bg4 14. Nd4
Nc5 15. Bc2 a5 16. f3 Bd7 17. b3 b6 18. Ba3 Kd8 19. Nd3 Nxd3 20. Bxd3 c5 21.
Ne2 Bf6 22. Nf4 Bc6 23. Nh5 Bg5 24. Rad1 g6 25. Ng3 Kd7 26. Be2 Rhe8 27. d4
cxd4 28. cxd4 a4 29. Bxd6 Kxd6 30. b4 a3 31. Nf1 Ba4 32. Ra1 Bf6 0-1

[Event "FIDE World Senior Team Championship 2020"]
[Site "Olympik hotel, Sokolovska 138, Prague"]
[Date "2020.03.08"]
[Round "3.8.2"]
[White "Miculka, Petr"]
[Black "Titscher, Libor"]
[Result "0-1"]
[WhiteElo "2040"]
[BlackElo "2153"]
[PlyCount "58"]
[WhiteTeam "CZE8"]
[BlackTeam "GER2"]
[EventDate "2020.03.06"]

1. e4 c5 2. Nf3 Nc6 3. c3 e5 4. d4 cxd4 5. cxd4 exd4 6. Nxd4 Nf6 7. Nc3 Bb4 8.
Bg5 h6 9. Nxc6 bxc6 10. Bh4 d5 11. exd5 g5 12. Bg3 Nxd5 13. Qd4 Qe7+ 14. Be2
O-O 15. Kf1 Nxc3 16. bxc3 Re8 17. Bc4 Bc5 18. Qd3 Qf6 19. h4 g4 20. Kg1 Bf5 21.
Qd2 Rad8 22. Qb2 Bd3 23. Bxd3 Rxd3 24. Kh2 Rxc3 25. Rhe1 Rxe1 26. Rxe1 Bd6 27.
Re3 Qxh4+ 28. Kg1 Rxe3 29. Qd2 Bxg3 0-1

[Event "FIDE World Senior Team Championship 2020"]
[Site "Olympik hotel, Sokolovska 138, Prague"]
[Date "2020.03.08"]
[Round "3.8.3"]
[White "Berndt, Matthias"]
[Black "Tesar, Jan"]
[Result "0-1"]
[WhiteElo "2098"]
[BlackElo "2008"]
[PlyCount "66"]
[WhiteTeam "GER2"]
[BlackTeam "CZE8"]
[EventDate "2020.03.06"]

1. e4 c5 2. Nc3 d6 3. g3 g6 4. Bg2 Bg7 5. d3 Nc6 6. Be3 Nd4 7. Qc1 Nf6 8. h3
O-O 9. Nce2 e5 10. c3 Ne6 11. f4 exf4 12. gxf4 Nh5 13. Nf3 f5 14. O-O Bd7 15.
e5 Bb5 16. Rd1 Qe7 17. Qc2 Kh8 18. c4 Bc6 19. d4 Be4 20. Qb3 cxd4 21. exd6 Qxd6
22. Nexd4 Nxd4 23. Nxd4 Bxg2 24. Kxg2 Nxf4+ 25. Bxf4 Qxf4 26. Nf3 Rae8 27. Re1
g5 28. Qd3 g4 29. Ng1 Be5 30. Re2 Rg8 31. Kh1 g3 32. Rae1 g2+ 33. Rxg2 Rxg2 0-1

[Event "FIDE World Senior Team Championship 2020"]
[Site "Olympik hotel, Sokolovska 138, Prague"]
[Date "2020.03.08"]
[Round "3.8.4"]
[White "Bradac, Roman"]
[Black "Haentsch, Ralf"]
[Result "1-0"]
[WhiteElo "1974"]
[BlackElo "2087"]
[PlyCount "107"]
[WhiteTeam "CZE8"]
[BlackTeam "GER2"]
[EventDate "2020.03.06"]

1. d4 Nf6 2. Nf3 e6 3. Bf4 b6 4. e3 Bb7 5. Nbd2 Be7 6. h3 O-O 7. Bd3 d5 8. O-O
c5 9. c3 Nc6 10. Qe2 Bd6 11. Ne5 Qc7 12. Ndf3 Ne4 13. Qc2 Ne7 14. Ng5 Nxg5 15.
Bxg5 f6 16. Bxh7+ Kh8 17. Ng6+ Nxg6 18. Qxg6 Qf7 19. Bh4 f5 20. f4 Ba6 21. Rfc1
Bd3 22. g4 Qxg6 23. Bxg6 c4 24. g5 b5 25. a3 a5 26. Kf2 Ra7 27. Kf3 Rb8 28. Be1
Kg8 29. h4 Kf8 30. h5 Ke7 31. Rd1 Be4+ 32. Ke2 Kd7 33. Bd2 Rab7 34. Ra2 Bf8 35.
Rg1 b4 36. axb4 axb4 37. Rga1 bxc3 38. Bxc3 Bb4 39. Ra7 Bxc3 40. bxc3 Kc8 41.
Rxb7 Rxb7 42. h6 Rb2+ 43. Ke1 gxh6 44. gxh6 Rh2 45. h7 Kb7 46. Ra2 Rh1+ 47. Kf2
Rh2+ 48. Kg3 Rxa2 49. h8=Q Rc2 50. Qf8 Kc7 51. Qe7+ Kb8 52. Be8 Rc1 53. Qd6+
Kb7 54. Bc6+ 1-0

[Event "FIDE World Senior Team Championship 2020"]
[Site "Olympik hotel, Sokolovska 138, Prague"]
[Date "2020.03.08"]
[Round "3.9.1"]
[White "Bretsnajdr, Vladimir"]
[Black "Kozak, Milos"]
[Result "1/2-1/2"]
[WhiteElo "2230"]
[BlackElo "2174"]
[PlyCount "29"]
[WhiteTeam "CZE13"]
[BlackTeam "CZE5"]
[EventDate "2020.03.06"]

1. e4 e5 2. Nf3 Nc6 3. Bb5 a6 4. Ba4 Nf6 5. O-O Be7 6. Re1 b5 7. Bb3 d6 8. c3
O-O 9. h3 Re8 10. Ng5 Rf8 11. Nf3 Re8 12. Ng5 Rf8 13. Nf3 Re8 14. Ng5 Rf8 15.
Nf3 1/2-1/2

[Event "FIDE World Senior Team Championship 2020"]
[Site "Olympik hotel, Sokolovska 138, Prague"]
[Date "2020.03.08"]
[Round "3.9.4"]
[White "Chaloupka, Frantisek"]
[Black "Ruzicka, Tomas"]
[Result "1-0"]
[WhiteElo "1990"]
[BlackElo "1748"]
[PlyCount "81"]
[WhiteTeam "CZE5"]
[BlackTeam "CZE13"]
[EventDate "2020.03.06"]

1. e4 e5 2. Nf3 Nf6 3. Nxe5 d6 4. Nf3 Nxe4 5. d3 Nf6 6. Bg5 Be7 7. Be2 O-O 8.
O-O Be6 9. Nd4 Nbd7 10. Nd2 Ne5 11. Nxe6 fxe6 12. c3 Ng6 13. Qb3 Qc8 14. d4 Nd5
15. Bxe7 Ngxe7 16. Rae1 b6 17. Bg4 Rf6 18. Ne4 Rg6 19. Ng5 Nf4 20. Nxe6 Rxg4
21. Nxf4+ Kf8 22. Ne6+ Kg8 23. Nxc7+ Kf8 24. Ne6+ Kg8 25. Ng5+ d5 26. f3 Rxg5
27. Rxe7 Qh3 28. Rf2 Qh4 29. Qd1 Rh5 30. Qe1 Qxh2+ 31. Kf1 Qh1+ 32. Ke2 Qxe1+
33. Kxe1 Kf8 34. Rfe2 a5 35. Rb7 Rh6 36. Kf2 Re8 37. Rxe8+ Kxe8 38. Rxg7 Kd8
39. f4 Kc8 40. f5 Rh1 41. f6 1-0

[Event "FIDE World Senior Team Championship 2020"]
[Site "Olympik hotel, Sokolovska 138, Prague"]
[Date "2020.03.08"]
[Round "3.10.2"]
[White "Korinkova, Eva"]
[Black "Hosticka, Frantisek"]
[Result "1/2-1/2"]
[WhiteElo "1811"]
[BlackElo "2096"]
[PlyCount "107"]
[WhiteTeam "CZE15"]
[BlackTeam "CZE6"]
[EventDate "2020.03.06"]

1. e4 Nf6 2. Nc3 d5 3. e5 Ne4 4. Nce2 d4 5. c3 Nc6 6. Nf3 dxc3 7. bxc3 Bg4 8.
d4 e6 9. h4 Qd5 10. Qc2 O-O-O 11. Bb2 Nb4 12. cxb4 Bxb4+ 13. Nc3 Bxf3 14. gxf3
Nxc3 15. Bxc3 Qxd4 16. Rc1 Rd5 17. Bxb4 Qxb4+ 18. Qc3 Rxe5+ 19. Be2 Qxc3+ 20.
Rxc3 Rd8 21. Re3 Ra5 22. Bc4 Rc5 23. Rc3 Kb8 24. Rc2 Rd4 25. Bb3 Rh5 26. Rc4
Rxc4 27. Bxc4 b5 28. Bd3 g6 29. Kd2 a6 30. Ke3 c5 31. f4 c4 32. Be4 Kc7 33. Kd4
Kd6 34. Rh3 Rc5 35. Ra3 Rh5 36. Rxa6+ Ke7 37. Bc6 Rxh4 38. Ke3 b4 39. Rb6 Kd6
40. Be8+ Ke7 41. Bc6 b3 42. axb3 cxb3 43. Rxb3 Rh3+ 44. Bf3 Kf6 45. Rb1 g5 46.
fxg5+ Kxg5 47. Rg1+ Kf6 48. Rh1 Rxh1 49. Bxh1 h5 50. Kf4 e5+ 51. Kg3 Kg5 52.
Bg2 f5 53. f4+ exf4+ 54. Kf3 1/2-1/2

[Event "FIDE World Senior Team Championship 2020"]
[Site "Olympik hotel, Sokolovska 138, Prague"]
[Date "2020.03.08"]
[Round "3.10.3"]
[White "Strnad, Josef"]
[Black "Oburka, Vladislav"]
[Result "0-1"]
[WhiteElo "1860"]
[BlackElo "1759"]
[PlyCount "82"]
[WhiteTeam "CZE6"]
[BlackTeam "CZE15"]
[EventDate "2020.03.06"]

1. Nf3 Nf6 2. g3 d5 3. d4 e6 4. Bg2 Nbd7 5. b3 b6 6. Bb2 Bb4+ 7. c3 Be7 8. O-O
O-O 9. Nbd2 Bb7 10. Rc1 c5 11. Re1 Rc8 12. e3 Re8 13. c4 h6 14. Ne5 Rc7 15. Qe2
Qa8 16. Red1 dxc4 17. Bxb7 Qxb7 18. Ndxc4 Rd8 19. f3 Nh7 20. Kf2 Nxe5 21. Nxe5
Rcc8 22. Rc2 Nf6 23. Rcd2 Qc7 24. Rc1 Qb7 25. e4 cxd4 26. Rxc8 Qxc8 27. Bxd4
Bc5 28. Qc4 b5 29. Qxc5 Qxc5 30. Bxc5 Rxd2+ 31. Ke3 Rxa2 32. h4 a5 33. Kd3 Nh5
34. g4 Nf4+ 35. Kc3 Ne2+ 36. Kd3 Nc1+ 37. Kc3 b4+ 38. Kc4 Rc2+ 39. Kb5 Nxb3 40.
Bd6 Ra2 41. Bc7 Nd4+ 0-1

[Event "FIDE World Senior Team Championship 2020"]
[Site "Olympik hotel, Sokolovska 138, Prague"]
[Date "2020.03.08"]
[Round "3.11.1"]
[White "Schlag, Andreas"]
[Black "Weyrich, Morten"]
[Result "0-1"]
[WhiteElo "2057"]
[BlackElo "2281"]
[PlyCount "96"]
[WhiteTeam "GER7"]
[BlackTeam "GER3"]
[EventDate "2020.03.06"]

1. e4 e5 2. Nf3 Nc6 3. d4 exd4 4. Nxd4 Bc5 5. Nxc6 Qf6 6. Qe2 dxc6 7. h3 Ne7 8.
Nc3 Be6 9. Qf3 Qxf3 10. gxf3 O-O-O 11. Bd3 Rhe8 12. Be3 Bd4 13. Bxd4 Rxd4 14.
Ne2 Rd6 15. Nf4 Red8 16. Nxe6 Rxe6 17. O-O-O Rf6 18. Be2 Ng6 19. Rxd8+ Kxd8 20.
Kd2 Nh4 21. Ke3 g5 22. Rg1 h6 23. Rg4 Re6 24. Bc4 Re7 25. Rg1 Nf5+ 26. Kd3 Rd7+
27. Kc3 Nd4 28. h4 Nxf3 29. Rg3 Nxh4 30. f4 gxf4 31. Rg8+ Ke7 32. Rh8 b5 33.
Rxh6 Ng6 34. Bd3 a6 35. b4 Rd8 36. Rh5 Ke6 37. Be2 Rh8 38. Bg4+ Kd6 39. Rf5 Ne5
40. Bh5 Ke6 41. Kd4 f6 42. Be2 Rh2 43. Bd3 f3 44. Ke3 Rh1 45. a4 bxa4 46. Bxa6
a3 47. Rxe5+ Kxe5 48. Bc4 Rh4 0-1

[Event "FIDE World Senior Team Championship 2020"]
[Site "Olympik hotel, Sokolovska 138, Prague"]
[Date "2020.03.08"]
[Round "3.11.2"]
[White "Jeske, Eckhard"]
[Black "Baerthel, Klaus"]
[Result "1/2-1/2"]
[WhiteElo "2158"]
[BlackElo "1875"]
[PlyCount "85"]
[WhiteTeam "GER3"]
[BlackTeam "GER7"]
[EventDate "2020.03.06"]

1. c4 Nf6 2. Nc3 c5 3. g3 Nc6 4. Bg2 g6 5. e3 Bg7 6. Nge2 O-O 7. d4 cxd4 8.
Nxd4 Rb8 9. O-O a6 10. Qe2 Qc7 11. Bd2 d6 12. h3 Bd7 13. Rac1 Qd8 14. Rfe1 e5
15. Nc2 Be6 16. e4 Qd7 17. Kh2 Rfc8 18. b3 Ne8 19. Be3 f5 20. Red1 Qf7 21. Nd5
Kh8 22. Qd2 Bxd5 23. cxd5 Ne7 24. f3 Nf6 25. a4 Nh5 26. Bf2 Qf8 27. Be3 Nxg3
28. Kxg3 f4+ 29. Kf2 fxe3+ 30. Nxe3 Rxc1 31. Rxc1 Bh6 32. Qe2 Rc8 33. Rxc8 Qxc8
34. Nc4 b5 35. axb5 axb5 36. Nb2 Qc5+ 37. Kf1 Qc1+ 38. Nd1 Bf4 39. Qd3 Qc5 40.
Qc3 Qb6 41. Nf2 Bg3 42. Nd1 Bf4 43. Nf2 1/2-1/2

[Event "FIDE World Senior Team Championship 2020"]
[Site "Olympik hotel, Sokolovska 138, Prague"]
[Date "2020.03.08"]
[Round "3.11.3"]
[White "Wendling, Jens"]
[Black "Jansen, Andreas"]
[Result "0-1"]
[WhiteElo "1908"]
[BlackElo "2095"]
[PlyCount "84"]
[WhiteTeam "GER7"]
[BlackTeam "GER3"]
[EventDate "2020.03.06"]

1. e4 g6 2. d4 d6 3. c3 Bg7 4. h3 c6 5. Nf3 Nf6 6. Bd3 Qc7 7. O-O e5 8. Be3
Nbd7 9. Na3 O-O 10. Qd2 d5 11. Qc2 dxe4 12. Bxe4 Nxe4 13. Qxe4 f5 14. Qc2 e4
15. Ng5 Nf6 16. Qb3+ Nd5 17. h4 Kh8 18. c4 Nxe3 19. fxe3 Qg3 20. c5 Bf6 21.
Nf7+ Kg7 22. Nd6 Rb8 23. Nxc8 Rfxc8 24. Nc4 Rf8 25. Nd6 Bxh4 26. Rae1 Be7 27.
Nc4 Qc7 28. Re2 b5 29. Nd2 a5 30. Qc2 Bg5 31. Rb1 a4 32. Nf1 Qf7 33. Ra1 Bf6
34. g3 h5 35. Rh2 Rh8 36. b3 Ra8 37. b4 h4 38. Rg2 Rad8 39. Rd1 Qd5 40. Qd2 Kf7
41. Nh2 hxg3 42. Qe1 gxh2+ 0-1

[Event "FIDE World Senior Team Championship 2020"]
[Site "Olympik hotel, Sokolovska 138, Prague"]
[Date "2020.03.08"]
[Round "3.11.4"]
[White "Van Bentum, Horst"]
[Black "Hauke, Hans"]
[Result "1/2-1/2"]
[WhiteElo "2036"]
[BlackElo "1688"]
[PlyCount "54"]
[WhiteTeam "GER3"]
[BlackTeam "GER7"]
[EventDate "2020.03.06"]

1. e4 d5 2. exd5 Nf6 3. Nc3 Nxd5 4. Bc4 e6 5. Qf3 c6 6. Nge2 Bd6 7. d4 Nd7 8.
Ne4 N7f6 9. Nxd6+ Qxd6 10. O-O O-O 11. c3 Re8 12. Ng3 e5 13. Bxd5 Qxd5 14. Qxd5
Nxd5 15. Re1 f6 16. f4 e4 17. Rxe4 Bd7 18. Bd2 f5 19. Rxe8+ Rxe8 20. Kf2 Kf7
21. Re1 Rxe1 22. Kxe1 Be6 23. Ne2 Nf6 24. Nc1 Bd5 25. g3 Ng4 26. h3 Nf6 27. b3
Bg2 1/2-1/2

[Event "FIDE World Senior Team Championship 2020"]
[Site "Olympik hotel, Sokolovska 138, Prague"]
[Date "2020.03.08"]
[Round "3.12.1"]
[White "Kubikova, Hana"]
[Black "Feierfeil, Jiri"]
[Result "1-0"]
[WhiteElo "2064"]
[BlackElo "1721"]
[PlyCount "85"]
[WhiteTeam "CZEW1"]
[BlackTeam "CZE16"]
[EventDate "2020.03.06"]

1. d4 d5 2. Nf3 Nf6 3. c4 c6 4. Nc3 b6 5. cxd5 cxd5 6. Bf4 a6 7. e3 e6 8. Bd3
Be7 9. Ne5 O-O 10. Rc1 Nfd7 11. O-O Nxe5 12. Bxe5 Bd6 13. f4 f5 14. Qb3 Bb7 15.
Bxd6 Qxd6 16. Na4 Nd7 17. Rc3 b5 18. Nc5 Nxc5 19. Rxc5 Rfc8 20. Rfc1 Rxc5 21.
Rxc5 Rc8 22. Qc3 Rxc5 23. dxc5 Qc6 24. Bf1 a5 25. Qxa5 Qxc5 26. Qd8+ Kf7 27.
Qd7+ Kf6 28. Qxb7 Qxe3+ 29. Kh1 Qxf4 30. Qxb5 d4 31. h3 g5 32. Qd3 Kg6 33. b4
h5 34. Kg1 g4 35. g3 Qd6 36. a3 e5 37. hxg4 hxg4 38. Qa6 Qxa6 39. Bxa6 e4 40.
b5 Kg5 41. b6 f4 42. gxf4+ Kxf4 43. b7 1-0

[Event "FIDE World Senior Team Championship 2020"]
[Site "Olympik hotel, Sokolovska 138, Prague"]
[Date "2020.03.08"]
[Round "3.12.2"]
[White "Kleprlik, Jan"]
[Black "Svobodova, Michaela"]
[Result "0-1"]
[WhiteElo "1545"]
[BlackElo "1988"]
[PlyCount "96"]
[WhiteTeam "CZE16"]
[BlackTeam "CZEW1"]
[EventDate "2020.03.06"]

1. d4 d5 2. Nf3 Nf6 3. g3 Bf5 4. Bg2 h6 5. c3 e6 6. b3 c5 7. Bb2 Nc6 8. O-O Be7
9. Nbd2 O-O 10. Rc1 Rc8 11. a3 a5 12. a4 Qb6 13. Nb1 Ne4 14. Nbd2 Rfd8 15. e3
cxd4 16. exd4 e5 17. Nxe4 dxe4 18. Nd2 exd4 19. cxd4 Nxd4 20. Rxc8 Bxc8 21. Qe1
f5 22. Qe3 Be6 23. Bxd4 Qxd4 24. Nc4 Bxc4 25. bxc4 Qxc4 26. Qb6 Qd5 27. Rc1 Rd6
28. Qb1 Rd7 29. Rc8+ Kh7 30. Rc1 Bc5 31. Rf1 b6 32. Qc1 Qe5 33. Rd1 Rxd1+ 34.
Qxd1 Qb2 35. Qe1 Qc2 36. Bh3 g6 37. Qa1 Qxf2+ 38. Kh1 Bd4 39. Qc1 Bg7 40. Qf1
Qc5 41. Qd1 b5 42. axb5 Qxb5 43. Bf1 Qb4 44. Qc1 a4 45. Bc4 a3 46. Bf7 Qc3 47.
Qf4 a2 48. Qb8 Qe5 0-1

[Event "FIDE World Senior Team Championship 2020"]
[Site "Olympik hotel, Sokolovska 138, Prague"]
[Date "2020.03.08"]
[Round "3.12.3"]
[White "Cejkova, Miroslava"]
[Black "Levinsky, Ladislav"]
[Result "1-0"]
[WhiteElo "1998"]
[BlackElo "1477"]
[PlyCount "71"]
[WhiteTeam "CZEW1"]
[BlackTeam "CZE16"]
[EventDate "2020.03.06"]

1. e4 c6 2. d4 g6 3. Nc3 Bg7 4. Nf3 d6 5. Be2 b5 6. a3 Bb7 7. O-O Nd7 8. Be3 a6
9. Qd2 h5 10. Ng5 Bh6 11. Nh3 Bxe3 12. Qxe3 e6 13. f4 Qb6 14. Qf2 O-O-O 15. Ng5
Nh6 16. Nd1 Rde8 17. e5 d5 18. c3 f6 19. exf6 Nxf6 20. Bd3 Nf5 21. Nf7 Rh7 22.
Bxf5 gxf5 23. Nd6+ Kd7 24. Nxe8 Kxe8 25. Qh4 Qd8 26. Nf2 Rg7 27. Nd3 Rg4 28.
Qh3 Qe7 29. Rae1 Bc8 30. Ne5 Rg8 31. Nxc6 Qg7 32. Re2 Kd7 33. Ne5+ Kd6 34. Rf3
Qh7 35. Qh4 Bd7 36. Qxf6 1-0

[Event "FIDE World Senior Team Championship 2020"]
[Site "Olympik hotel, Sokolovska 138, Prague"]
[Date "2020.03.08"]
[Round "3.12.4"]
[White "Tomanek, Karel"]
[Black "Taborska, Veronika"]
[Result "0-1"]
[WhiteElo "1379"]
[BlackElo "1995"]
[PlyCount "68"]
[WhiteTeam "CZE16"]
[BlackTeam "CZEW1"]
[EventDate "2020.03.06"]

1. d4 d5 2. c4 e6 3. Nc3 c6 4. Nf3 dxc4 5. e3 b5 6. Bd2 Bb7 7. Be2 Nd7 8. O-O
Ngf6 9. a4 a6 10. e4 Be7 11. h3 O-O 12. e5 Nd5 13. Nxd5 cxd5 14. Qe1 f6 15. Bb4
fxe5 16. Bxe7 Qxe7 17. Nxe5 Nxe5 18. dxe5 d4 19. axb5 axb5 20. f4 Rxa1 21. Qxa1
Qc5 22. Kh2 Bd5 23. Qc1 Qc6 24. Bf3 Bxf3 25. Rxf3 Qe4 26. Kg3 Rc8 27. Qd2 d3
28. Re3 Qd4 29. Kf3 Ra8 30. Re4 Qc5 31. Qc3 Ra1 32. Rd4 b4 33. Qxc4 Qxc4 34.
Rxc4 d2 0-1

[Event "FIDE World Senior Team Championship 2020"]
[Site "Olympik hotel, Sokolovska 138,"]
[Date "2020.03.08"]
[Round "3.13"]
[White "Nudcenko, Karel"]
[Black "Pieper, Thomas"]
[Result "1-0"]
[WhiteElo "2004"]
[BlackElo "2258"]
[PlyCount "61"]
[EventDate "2020.03.06"]
[WhiteTeam "CZE11"]
[BlackTeam "GER5"]

1. e4 e5 2. Nf3 Nc6 3. Bb5 a6 4. Bxc6 dxc6 5. O-O f6 6. d4 exd4 7. Nxd4 c5 8.
Ne2 Qxd1 9. Rxd1 Bd6 10. Bf4 Bxf4 11. Nxf4 Ne7 12. Nc3 Bd7 13. Ncd5 Nxd5 14.
Rxd5 b6 15. f3 O-O-O 16. Rad1 Rhe8 17. Kf2 f5 18. exf5 Bxf5 19. Rxd8+ Rxd8 20.
Rxd8+ Kxd8 21. c3 Ke7 22. g4 Bb1 23. a3 Kd6 24. h4 b5 25. Ke3 g6 26. h5 Ke5 27.
h6 a5 28. Nh3 Ba2 29. f4+ Kd6 30. Ng5 Bg8 31. Ne4+ 1-0

[Event "FIDE World Senior Team Championship 2020"]
[Site "Olympik hotel, Sokolovska 138,"]
[Date "2020.03.08"]
[Round "3.13"]
[White "Kempter, Ronald"]
[Black "Bazantova, Marie"]
[Result "1-0"]
[WhiteElo "2238"]
[BlackElo "1925"]
[PlyCount "77"]
[EventDate "2020.03.06"]
[WhiteTeam "GER5"]
[BlackTeam "CZE11"]

1. Nf3 Nf6 2. c4 c5 3. g3 Nc6 4. Bg2 g6 5. O-O Bg7 6. Nc3 O-O 7. d4 cxd4 8.
Nxd4 Nxd4 9. Qxd4 d6 10. Qd3 Rb8 11. Bd2 b6 12. Rac1 Bb7 13. e4 Nd7 14. b3 Nc5
15. Qe2 Ne6 16. Be3 Nd4 17. Qd2 Nc6 18. h3 Qd7 19. Kh2 Rbd8 20. Rfd1 Qc8 21.
Bh6 Qa8 22. Nd5 Rd7 23. Bxg7 Kxg7 24. Ne3 Rh8 25. h4 Rdd8 26. h5 f6 27. h6+ Kf7
28. f4 e6 29. Qc3 e5 30. Ng4 Bc8 31. Ne3 Ne7 32. Rf1 Nc6 33. fxe5 dxe5 34. Nd5
Rd6 35. Rcd1 Nd4 36. Rxd4 exd4 37. Qxd4 Qc6 38. e5 Re6 39. Nxf6 1-0

[Event "FIDE World Senior Team Championship 2020"]
[Site "Olympik hotel, Sokolovska 138,"]
[Date "2020.03.08"]
[Round "3.13"]
[White "Koblasa, Josef"]
[Black "Scheckenbach, Franz"]
[Result "1/2-1/2"]
[WhiteElo "1938"]
[BlackElo "2101"]
[PlyCount "104"]
[EventDate "2020.03.06"]
[WhiteTeam "CZE11"]
[BlackTeam "GER5"]

1. c4 Nf6 2. Nc3 g6 3. g3 Bg7 4. Bg2 O-O 5. d4 d6 6. e4 Nc6 7. Nge2 a6 8. O-O
Rb8 9. f4 Na5 10. Qd3 b5 11. cxb5 axb5 12. b3 b4 13. Na4 Bd7 14. Nb2 Bb5 15.
Qc2 Nd7 16. Be3 c5 17. Nc4 Bxc4 18. bxc4 cxd4 19. Bxd4 Bxd4+ 20. Nxd4 Qb6 21.
Qf2 Nxc4 22. Rac1 Na5 23. Nf3 Qxf2+ 24. Rxf2 Nc5 25. Ne1 b3 26. axb3 Naxb3 27.
Rc3 Rb6 28. Nc2 Rfb8 29. Ne3 Nd4 30. Nf1 Rb2 31. Re3 Rxf2 32. Kxf2 Rb2+ 33. Kg1
Re2 34. Rxe2 Nxe2+ 35. Kf2 Nd4 36. Ke3 Ndb3 37. Bf3 Kf8 38. Be2 e6 39. g4 Ke7
40. Bc4 Na5 41. Bb5 d5 42. exd5 exd5 43. Ng3 Kd6 44. h4 Nc4+ 45. Kf2 Ne6 46.
Ne2 Nc7 47. Ba4 Kc5 48. h5 Nd6 49. hxg6 hxg6 50. f5 gxf5 51. gxf5 d4 52. Bc2
Nd5 1/2-1/2